Southville International School and Colleges
Your cart is empty.
  • Cart
  • Lists
    Public lists Eva Luna New books Lux_list list_1
    Your lists Log in to create your own lists
  • Log in to your account
  • Your cookies
  • Search history
Southville International School and Colleges
  • Advanced search
  • Recent comments
  • Most popular
  • Libraries

Log in to your account

Log in with GOOGLE


If you do not have an external account, but do have a local account, you can still log in:

  1. Home
  2. MARC view: Advocacy and social work practice /
Normal view MARC view ISBD view

Advocacy and social work practice / (Record no. 288920)

[ view plain ]
MARC details
000 -LEADER
fixed length control field 00493nam a22001697a 4500
003 - CONTROL NUMBER IDENTIFIER
control field PILC
005 - DATE AND TIME OF LATEST TRANSACTION
control field 20151105133904.0
008 - FIXED-LENGTH DATA ELEMENTS--GENERAL INFORMATION
fixed length control field 151105b xxu||||| |||| 00| 0 eng d
020 ## - INTERNATIONAL STANDARD BOOK NUMBER
International Standard Book Number 9780335243037
050 ## - LIBRARY OF CONGRESS CALL NUMBER
Classification number HV 11.5
Item number .W688 2012
100 ## - MAIN ENTRY--PERSONAL NAME
Personal name WIlks, Tom.
245 ## - TITLE STATEMENT
Title Advocacy and social work practice /
Statement of responsibility, etc Tom Wilks.
260 ## - PUBLICATION, DISTRIBUTION, ETC. (IMPRINT)
Place of publication, distribution, etc England :
Name of publisher, distributor, etc McGraw-Hill,
Date of publication, distribution, etc 2012.
300 ## - PHYSICAL DESCRIPTION
Extent xi, 196 pages ;
Dimensions 25 cm.
500 ## - GENERAL NOTE
General note Includes bibliographical references and index.
942 ## - ADDED ENTRY ELEMENTS (KOHA)
Source of classification or shelving scheme Library of Congress Classification
Koha item type Books
Call number prefix Foreign
Holdings
Withdrawn status Lost status Source of classification or shelving scheme Damaged status Home library Current library Shelving location Date acquired Source of acquisition Cost, normal purchase price Total Checkouts Full call number Barcode Date last seen Price effective from Koha item type
    Library of Congress Classification   College Library College Library Reserve Section 11/05/2015 Library Fund 2328.00   HV 11.5 .W688 2012 C20249 05/15/2018 11/05/2015 Books

Advocacy and social work practice /

APA

WIlks T., . (2012). Advocacy and social work practice. England: McGraw-Hill.

Chicago

WIlks Tom, . 2012. Advocacy and social work practice. England: McGraw-Hill.

Harvard

WIlks T., . (2012). Advocacy and social work practice. England: McGraw-Hill.

MLA

WIlks Tom, . Advocacy and social work practice. England: McGraw-Hill. 2012.

  • Place hold
  • Print
  • Cite
  • Add to your cart (remove)
  • Save record
    BIBTEX Dublin Core MARCXML MARC (non-Unicode/MARC-8) MARC (Unicode/UTF-8) MARC (Unicode/UTF-8, Standard) MODS (XML) RIS
  • More searches
    Search for this title in:
    Other Libraries (WorldCat) Other Databases (Google Scholar) Online Stores (Bookfinder.com) Open Library (openlibrary.org)

Exporting to Dublin Core...

SOUTHVILLE LIBRARY

Southville International School and Colleges Library

1281 Tropical Ave. Cor. Luxembourg St., BF Homes International, Las Pinas City

Tel. No. 8256374 / 252358 Loc. 117/146

Powered by Koha